Pierce The Veil - The First Punch Lyrics - Statistics

General Stats
  • This quiz has been taken 13 times
  • The average score is 275 of 350
Answer Stats
Answer % Correct
a
100%
and
100%
And
100%
enough
100%
fall
100%
first
100%
I
100%
in
100%
love
100%
make
100%
me
100%
punch
100%
punch,
100%
that
100%
the
100%
This
100%
"This
100%
throw
100%
to
100%
about
83%
at
83%
be
83%
big
83%
but
83%
Can
83%
can't
83%
don't
83%
easy
83%
feel
83%
for
83%
friends?"
83%
friends
83%
Fuck
83%
fun
83%
go
83%
good
83%
got
83%
had
83%
half
83%
hear
83%
I'm
83%
is
83%
it
83%
(It
83%
it's
83%
It's
83%
I've
83%
just
83%
kill
83%
Kill
83%
least
83%
Life
83%
life
83%
Look
83%
look
83%
much
83%
new
83%
no
83%
not
83%
now,
83%
(Now!)
83%
now
83%
of
83%
real
83%
screaming,
83%
see
83%
So,
83%
so
83%
sound
83%
star?
83%
voice
83%
wanna
83%
want
83%
we
83%
what
83%
when
83%
"Why
83%
would
83%
you
83%
You
83%
your
83%
yourself
83%
bit
67%
blue
67%
closer,
67%
cry
67%
diamond
67%
eyes
67%
fool?
67%
Glass
67%
less
67%
little
67%
miss
67%
mouth
67%
move
67%
my
67%
night
67%
on
67%
one,
67%
over
67%
run
67%
shame,
67%
shit)
67%
slow
67%
Speak
67%
such
67%
We're
67%
Where
67%
will
67%
with
67%
words
67%
baby,
50%
Blood
50%
change
50%
crass
50%
day
50%
down
50%
down)
50%
embrace
50%
forget"
50%
found
50%
four
50%
from,
50%
give
50%
gravity
50%
into
50%
invisible
50%
kiss
50%
learn
50%
live
50%
(Live
50%
mean
50%
met
50%
said,
50%
say
50%
three,
50%
tongue
50%
two,
50%
up
50%
won't
50%
world
50%
you've
50%
turn
33%
future
17%
matches
17%
propane
17%
saw
17%
take
17%
There's
17%
threw
17%
through
17%
watch
17%
breath
0%
coming
0%
die
0%
fast
0%
mutated
0%
never
0%
write
0%
No matching quizzes found
Score Distribution
Percent of People with Each Score
Percentile by Number Answered
Your Score History
You have not taken this quiz